006380000a22001810004500008004100000022001300041245002600054246004400080260005000124300001000174490001600184650001700200650002700217942000700244952009700251952009700348999001100445230817t1999       ||||| |||| 00| 0 eng d  a13910582  aLogos-Vol. 38, no. 3   aPerspectives: Human rights in Religions  aColombobCentre for society & Religion,c1999  b80 p.  aVol.38 No.3  aHuman Rights  aIslam and Human Rights  cCR  00102ddc4070aMAINbMAINd2023-08-17l0o291.175 HUMpRAF3959r2023-08-17w2023-08-17yBK  00102ddc4070aMAINbMAINd2024-02-29l0o291.175 HUMpRAF5159r2024-02-29w2024-02-29yCR  c54d54